[Event "Mittelfranken-chTB2a 1920"]
[Site "Mittelfranken"]
[Date "2020.01.12"]
[Round "4.8"]
[White "Koschka, Guenther"]
[Black "Witt, Alfred"]
[Result "1/2-1/2"]
[WhiteElo "1727"]
[BlackElo "1799"]
[PlyCount "67"]
[EventDate "2019.10.13"]
[EventType "team-tourn"]
[EventRounds "9"]
[EventCountry "GER"]
[SourceTitle "EXT 2023"]
[Source "ChessBase"]
[SourceDate "2022.10.05"]
[SourceVersion "1"]
[SourceVersionDate "2022.10.05"]
[SourceQuality "1"]
[WhiteTeam "Fuerth SF"]
[BlackTeam "Ansbach/Bad Windsheim"]
[WhiteTeamCountry "GER"]
[BlackTeamCountry "GER"]

1. e4 e5 2. Nf3 Nc6 3. d4 exd4 4. Nxd4 Nf6 5. Nxc6 bxc6 6. Bd3 d5 7. exd5 cxd5 8. Qe2+ Be7 9. Bb5+ Bd7 10. Bxd7+ Qxd7 11. 0-0 0-0 12. c3 Rfe8 13. Qd3 Rab8 14. b3 Bd6 15. h3 Qe6 16. Be3 Qe5 17. g3 Qe6 18. Kg2 c5 19. Nd2 h6 20. Rfe1 Qc8 21. Nf3 Qc6 22. Rad1 Re4 23. Nd2 Re6 24. f3 Rbe8 25. Bf2 g6 26. Rxe6 Rxe6 27. Re1 Rxe1 28. Bxe1 a5 29. Bf2 a4 30. Qe3 Kg7 31. Qe2 axb3 32. axb3 Nh5 33. Qd3 Be5 34. Nf1 1/2-1/2

[Event "Mittelfranken-chTB2a 1617"]
[Site "Mittelfranken"]
[Date "2017.01.22"]
[Round "5.4"]
[White "Schmidt, Martin"]
[Black "Witt, Alfred"]
[Result "1/2-1/2"]
[WhiteElo "1678"]
[BlackElo "1789"]
[PlyCount "83"]
[EventDate "2016.10.23"]
[EventType "team-tourn"]
[EventRounds "9"]
[EventCountry "GER"]
[SourceTitle "EXT 2022"]
[Source "ChessBase"]
[SourceDate "2021.10.06"]
[SourceVersion "1"]
[SourceVersionDate "2021.10.06"]
[SourceQuality "1"]
[WhiteTeam "Dombuehl"]
[BlackTeam "Bad Windsheim/Ansbach"]
[WhiteTeamCountry "GER"]
[BlackTeamCountry "GER"]

1. f4 d5 2. Nf3 g6 3. e3 Bg7 4. Be2 Nf6 5. 0-0 0-0 6. d3 c5 7. Nc3 Nc6 8. Ne5 e6 9. Nxc6 bxc6 10. Bf3 Ba6 11. Qe1 Re8 12. Na4 Nd7 13. Rb1 c4 14. d4 c3 15. Rf2 cxb2 16. Bxb2 Rb8 17. Be2 Bxe2 18. Rxe2 Qc7 19. c4 Rb7 20. c5 Reb8 21. a3 Nf6 22. Rc2 Ne4 23. Nc3 Nxc3 24. Qxc3 Rb3 25. Qd2 Rxa3 26. Rbc1 Rab3 27. Ra1 R8b5 28. Ra2 Qb7 29. Kf2 Bf6 30. Bc3 Bd8 31. Rcb2 Rxb2 32. Rxb2 Rxb2 33. Qxb2 Qxb2+ 34. Bxb2 Ba5 35. Ke2 Kf8 36. h3 f5 37. g4 Ke7 38. g5 Kd7 39. Kd3 Kc7 40. Bc3 Bxc3 41. Kxc3 Kb7 42. Kb3 1/2-1/2

[Event "Mittelfranken-chTB2a 1617"]
[Site "Mittelfranken"]
[Date "2016.12.11"]
[Round "4.4"]
[White "Witt, Alfred"]
[Black "Veh Hoelzlein, Michael"]
[Result "0-1"]
[WhiteElo "1789"]
[BlackElo "1962"]
[PlyCount "92"]
[EventDate "2016.10.23"]
[EventType "team-tourn"]
[EventRounds "9"]
[EventCountry "GER"]
[SourceTitle "EXT 2022"]
[Source "ChessBase"]
[SourceDate "2021.10.06"]
[SourceVersion "1"]
[SourceVersionDate "2021.10.06"]
[SourceQuality "1"]
[WhiteTeam "Bad Windsheim/Ansbach"]
[BlackTeam "Cadolzburg"]
[WhiteTeamCountry "GER"]
[BlackTeamCountry "GER"]

1. Nf3 d5 2. c4 e6 3. g3 Nf6 4. Bg2 c6 5. d4 Nbd7 6. cxd5 exd5 7. Nc3 Bd6 8. 0-0 0-0 9. Qc2 Re8 10. b3 Nf8 11. Bb2 Bg4 12. Rfe1 Qb6 13. e3 Ne6 14. Na4 Qc7 15. Nc5 h5 16. Rac1 Bxf3 17. Bxf3 h4 18. Qf5 hxg3 19. hxg3 Qe7 20. Nxe6 fxe6 21. Qg6 Rf8 22. Kg2 Qf7 23. Qxf7+ Rxf7 24. Be2 Ne4 25. f4 Bb4 26. Bh5 Rf6 27. Re2 Rh6 28. Bf3 Nd2 29. Rd1 Nxf3 30. Kxf3 Kf7 31. a3 Be7 32. Rg1 Rah8 33. Rgg2 Rh1 34. b4 Kg6 35. e4 Rf1+ 36. Kg4 Kf7 37. e5 Rh6 38. Ref2 Rg6+ 39. Kf3 Rd1 40. Ke2 Rb1 41. Ke3 Rh6 42. Rh2 Rxh2 43. Rxh2 a5 44. bxa5 Bxa3 45. Bc3 Rb3 46. Rc2 Bb4 0-1

[Event "Mittelfranken-chTB2a 1617"]
[Site "Mittelfranken"]
[Date "2016.10.23"]
[Round "1.4"]
[White "Rausch, Wolfgang1111"]
[Black "Witt, Alfred"]
[Result "1-0"]
[WhiteElo "1789"]
[BlackElo "1789"]
[PlyCount "47"]
[EventDate "2016.10.23"]
[EventType "team-tourn"]
[EventRounds "9"]
[EventCountry "GER"]
[SourceTitle "EXT 2022"]
[Source "ChessBase"]
[SourceDate "2021.10.06"]
[SourceVersion "1"]
[SourceVersionDate "2021.10.06"]
[SourceQuality "1"]
[WhiteTeam "Nuernberg Sued SW IV"]
[BlackTeam "Bad Windsheim/Ansbach"]
[WhiteTeamCountry "GER"]
[BlackTeamCountry "GER"]

1. c4 Nf6 2. Nf3 c5 3. b3 g6 4. Bb2 Bg7 5. g3 0-0 6. Bg2 Nc6 7. 0-0 d6 8. d4 Ne4 9. Na3 Qa5 10. Nc2 Rd8 11. Qc1 Rb8 12. d5 Nb4 13. Bxg7 Kxg7 14. Nxb4 Qxb4 15. Qe3 Bf5 16. g4 e6 17. dxe6 Bxe6 18. Qxe4 d5 19. Qe5+ Kg8 20. cxd5 Bxg4 21. Rac1 Re8 22. Qg3 b5 23. Ne5 Bxe2 24. Nc6 1-0

[Event "Mittelfranken-chTB2a 1516"]
[Site "Mittelfranken"]
[Date "2016.04.17"]
[Round "9.6"]
[White "Kriener, Peter Georg"]
[Black "Witt, Alfred"]
[Result "1/2-1/2"]
[WhiteElo "1683"]
[BlackElo "1875"]
[PlyCount "37"]
[EventDate "2015.10.18"]
[EventType "team-tourn"]
[EventRounds "9"]
[EventCountry "GER"]
[SourceTitle "EXT 2020"]
[Source "ChessBase"]
[SourceDate "2019.10.17"]
[SourceVersion "1"]
[SourceVersionDate "2019.10.17"]
[SourceQuality "1"]
[WhiteTeam "Rothenburg II"]
[BlackTeam "Bad Windsheim/Ansbach"]
[WhiteTeamCountry "GER"]
[BlackTeamCountry "GER"]

1. d4 Nf6 2. Nf3 b6 3. Bf4 Bb7 4. e3 c5 5. dxc5 bxc5 6. c4 g6 7. Be2 Bg7 8. Qb3 Qb6 9. Qxb6 axb6 10. Be5 Nc6 11. Bc3 0-0 12. 0-0 d6 13. Nbd2 Ra7 14. a3 Rfa8 15. Rfe1 e5 16. e4 Bh6 17. Bd3 Nh5 18. g3 Ne7 19. Nf1 1/2-1/2

[Event "Mittelfranken-chTB2a 1516"]
[Site "Mittelfranken"]
[Date "2016.01.24"]
[Round "5.5"]
[White "Witt, Alfred"]
[Black "Schoenberger, Andreas"]
[Result "1-0"]
[WhiteElo "1875"]
[BlackElo "1770"]
[PlyCount "61"]
[EventDate "2015.10.18"]
[EventType "team-tourn"]
[EventRounds "9"]
[EventCountry "GER"]
[SourceTitle "EXT 2020"]
[Source "ChessBase"]
[SourceDate "2019.10.17"]
[SourceVersion "1"]
[SourceVersionDate "2019.10.17"]
[SourceQuality "1"]
[WhiteTeam "Bad Windsheim/Ansbach"]
[BlackTeam "Buechenbach/Roth II"]
[WhiteTeamCountry "GER"]
[BlackTeamCountry "GER"]

1. Nf3 Nf6 2. g3 g6 3. b3 Bg7 4. Bb2 0-0 5. Bg2 d5 6. 0-0 c5 7. c4 d4 8. e3 dxe3 9. dxe3 Nc6 10. Nc3 Bf5 11. Re1 Ne4 12. Na4 Nb4 13. Bxg7 Kxg7 14. Nh4 Qc8 15. Qb1 Nd6 16. Nxf5+ Qxf5 17. Qxf5 gxf5 18. Red1 Rac8 19. a3 Na6 20. Rd3 Nb8 21. Rad1 Rc7 22. Nc3 Re8 23. Nd5 Rd7 24. Nxe7 Rdxe7 25. Rxd6 b6 26. h4 Re6 27. Rd8 Kf6 28. Kf1 Rxd8 29. Rxd8 Nc6 30. Rd7 a6 31. Bd5 1-0

[Event "Mittelfranken-chTB2a 1516"]
[Site "Mittelfranken"]
[Date "2015.11.08"]
[Round "2.5"]
[White "Herbst, Thomas"]
[Black "Witt, Alfred"]
[Result "0-1"]
[WhiteElo "1823"]
[BlackElo "1875"]
[PlyCount "64"]
[EventDate "2015.10.18"]
[EventType "team-tourn"]
[EventRounds "9"]
[EventCountry "GER"]
[SourceTitle "EXT 2020"]
[Source "ChessBase"]
[SourceDate "2019.10.17"]
[SourceVersion "1"]
[SourceVersionDate "2019.10.17"]
[SourceQuality "1"]
[WhiteTeam "Nuernberg SK 1911"]
[BlackTeam "Bad Windsheim/Ansbach"]
[WhiteTeamCountry "GER"]
[BlackTeamCountry "GER"]

1. d4 Nf6 2. c4 c5 3. d5 b5 4. cxb5 a6 5. bxa6 Bxa6 6. Nc3 d6 7. Nf3 g6 8. g3 Bg7 9. Bg2 0-0 10. Rb1 Nbd7 11. 0-0 Qc7 12. Qc2 Rfb8 13. Rd1 Ng4 14. Bd2 Nde5 15. Nxe5 Nxe5 16. b3 f5 17. h3 Qa7 18. a4 Rb7 19. Be3 Qb8 20. f4 Nd7 21. Bf2 Qd8 22. e4 Qa5 23. Nb5 Bxb5 24. axb5 fxe4 25. Qxe4 Nf6 26. Qe6+ Kh8 27. Bf1 Qc3 28. Rdc1 Qf3 29. Ra1 Rab8 30. Rab1 Ne4 31. Rc2 Nxf2 32. Rxf2 Bd4 0-1

[Event "Mittelfranken-chTB2a 1415"]
[Site "Mittelfranken"]
[Date "2014.09.28"]
[Round "1.4"]
[White "Witt, Alfred"]
[Black "Lechner, Hans Dieter"]
[Result "1/2-1/2"]
[WhiteElo "1875"]
[BlackElo "1778"]
[PlyCount "33"]
[EventDate "2014.09.28"]
[EventType "team-tourn"]
[EventRounds "9"]
[EventCountry "GER"]
[SourceTitle "EXT 2020"]
[Source "ChessBase"]
[SourceDate "2019.10.17"]
[SourceVersion "1"]
[SourceVersionDate "2019.10.17"]
[SourceQuality "1"]
[WhiteTeam "Bad Windsheim/Ansbach"]
[BlackTeam "Bechhofen II"]
[WhiteTeamCountry "GER"]
[BlackTeamCountry "GER"]

1. e4 e5 2. Nf3 Nf6 3. d4 Nxe4 4. Bd3 d5 5. Nxe5 Nd7 6. Be3 Ndf6 7. f3 Nd6 8. 0-0 Nf5 9. Bf2 Bd6 10. Re1 0-0 11. Nd2 c6 12. c3 Ne7 13. Qc2 g6 14. Bh4 Nf5 15. Bf2 Ne7 16. g4 Kg7 17. h3 1/2-1/2

[Event "Mittelfranken-chTB2a 1213"]
[Site "Germany"]
[Date "2013.03.10"]
[Round "8.2"]
[White "Witt, Alfred"]
[Black "Zeltner, Ottmar"]
[Result "0-1"]
[WhiteElo "1865"]
[BlackElo "2083"]
[PlyCount "62"]
[EventDate "2012.10.07"]
[EventType "team-tourn"]
[EventRounds "9"]
[EventCountry "GER"]
[SourceTitle "EXT 2019"]
[Source "ChessBase"]
[SourceDate "2018.10.10"]
[SourceVersion "1"]
[SourceVersionDate "2018.10.10"]
[SourceQuality "1"]
[WhiteTeam "Ansbach"]
[BlackTeam "Rothenburg"]
[WhiteTeamCountry "GER"]
[BlackTeamCountry "GER"]

1. e4 e5 2. Nf3 Nc6 3. Bb5 Nf6 4. 0-0 Ne7 5. Nc3 c6 6. Bc4 Ng6 7. d4 Bd6 8. Bg5 h6 9. Bxf6 Qxf6 10. Ne2 0-0 11. c3 Bc7 12. Ng3 d6 13. Nh5 Qe7 14. h3 exd4 15. Qxd4 Ne5 16. Nxe5 dxe5 17. Qe3 Qh4 18. Qf3 b5 19. Bb3 a5 20. a3 Bb6 21. Rad1 Ba6 22. Rd7 Ra7 23. Bxf7+ Kh8 24. Rfd1 Rxd7 25. Rxd7 Bc8 26. Rd6 Qe7 27. Rxc6 Bc7 28. Nxg7 Qxf7 29. Nf5 Bxf5 30. exf5 Qg7 31. Rg6 Qxg6 0-1

[Event "Mittelfranken-chTB2a 1112"]
[Site "Germany"]
[Date "2012.03.25"]
[Round "9.1"]
[White "Kirch, Daniel"]
[Black "Witt, Alfred"]
[Result "0-1"]
[WhiteElo "2009"]
[BlackElo "1865"]
[PlyCount "82"]
[EventDate "2011.09.25"]
[EventType "team-tourn"]
[EventRounds "9"]
[EventCountry "GER"]
[SourceTitle "EXT 2018"]
[Source "ChessBase"]
[SourceDate "2017.10.13"]
[SourceVersion "1"]
[SourceVersionDate "2017.10.13"]
[SourceQuality "1"]
[WhiteTeam "Grossenseebach"]
[BlackTeam "Ansbach"]
[WhiteTeamCountry "GER"]
[BlackTeamCountry "GER"]

1. d4 Nf6 2. c4 c5 3. d5 b5 4. cxb5 a6 5. b6 Qxb6 6. Nc3 g6 7. Nf3 d6 8. e4 Nbd7 9. h3 Bg7 10. Be2 0-0 11. 0-0 Ne8 12. Qc2 Nc7 13. Be3 Nb5 14. Rfd1 Nxc3 15. bxc3 Qa5 16. Rdc1 Qa3 17. Nd2 Qa5 18. a4 Rb8 19. f4 Bb7 20. Nc4 Qc7 21. a5 f5 22. Bf3 fxe4 23. Bxe4 Nf6 24. Nb6 e6 25. Rd1 Nxe4 26. Qxe4 Rbe8 27. Qd3 exd5 28. Nxd5 Qc6 29. Qc4 Kh8 30. Rab1 Rf5 31. Rb6 Rxd5 32. Rxc6 Rxd1+ 33. Kf2 Bxc6 34. Qe2 Rb1 35. Qxa6 Rb2+ 36. Kg1 Bb5 37. Qxd6 Rxe3 38. Qxc5 Rxc3 39. Qd5 h6 40. f5 gxf5 41. Qxf5 Rcc2 0-1

[Event "Mittelfranken-chTB2a 1112"]
[Site "Germany"]
[Date "2012.02.26"]
[Round "7.1"]
[White "Witt, Alfred"]
[Black "Sejdic, Enis"]
[Result "0-1"]
[WhiteElo "1865"]
[BlackElo "2117"]
[PlyCount "62"]
[EventDate "2011.09.25"]
[EventType "team-tourn"]
[EventRounds "9"]
[EventCountry "GER"]
[SourceTitle "EXT 2018"]
[Source "ChessBase"]
[SourceDate "2017.10.13"]
[SourceVersion "1"]
[SourceVersionDate "2017.10.13"]
[SourceQuality "1"]
[WhiteTeam "Ansbach"]
[BlackTeam "Bechhofen II"]
[WhiteTeamCountry "GER"]
[BlackTeamCountry "GER"]

1. Nf3 d5 2. c4 e6 3. g3 Nf6 4. Bg2 c6 5. cxd5 exd5 6. 0-0 Bd6 7. d4 0-0 8. Nc3 Re8 9. Qb3 Nbd7 10. Re1 Nb6 11. Qc2 h6 12. e4 dxe4 13. Nxe4 Bf5 14. Nxf6+ Qxf6 15. Qd1 Bg4 16. Be3 Bb4 17. Rf1 Nd5 18. h3 Be6 19. a3 Ba5 20. b4 Bc7 21. Bd2 Bb6 22. Be1 Rad8 23. a4 a6 24. Qd3 Bf5 25. Qb3 Be4 26. Rd1 Bxf3 27. Qxf3 Bxd4 28. Qb3 Bb6 29. Bxd5 cxd5 30. Rxd5 Rxd5 31. Qxd5 Rxe1 0-1

[Event "Mittelfranken-chTB2a 1011"]
[Site "Germany"]
[Date "2011.02.13"]
[Round "6.1"]
[White "Witt, Alfred"]
[Black "Engelmann, Wolfgang"]
[Result "0-1"]
[WhiteElo "1871"]
[BlackElo "2099"]
[PlyCount "86"]
[EventDate "2010.09.26"]
[EventType "team-tourn"]
[EventRounds "9"]
[EventCountry "GER"]
[SourceTitle "EXT 2012"]
[Source "ChessBase"]
[SourceDate "2011.11.24"]
[SourceVersion "1"]
[SourceVersionDate "2011.11.24"]
[SourceQuality "1"]
[WhiteTeam "Ansbach"]
[BlackTeam "Rothenburg/Tauber"]
[WhiteTeamCountry "GER"]
[BlackTeamCountry "GER"]

1. e4 c5 2. Nf3 Nf6 3. e5 Nd5 4. d4 cxd4 5. Qxd4 e6 6. Bc4 Nc6 7. Qd1 Nb6 8. Bb5 Qc7 9. Bxc6 dxc6 10. 0-0 Bd7 11. b3 0-0-0 12. Bg5 Re8 13. Nc3 h6 14. Bc1 f5 15. a4 g5 16. a5 Nd5 17. Nxd5 exd5 18. Bb2 Bg7 19. Re1 g4 20. Nh4 Be6 21. Ng6 Rhg8 22. b4 Bf7 23. Nh4 Bxe5 24. Bxe5 Rxe5 25. g3 Rge8 26. Qd2 Qd6 27. Ng2 Rxe1+ 28. Nxe1 Re4 29. Nd3 Kc7 30. Qc3 d4 31. Qd2 Bc4 32. Re1 Bxd3 33. cxd3 Re6 34. Rc1 Qd5 35. Qb2 b6 36. axb6+ axb6 37. b5 c5 38. Qa3 Re2 39. Qa7+ Qb7 40. Qa4 Kd6 41. Qc4 Qd5 42. Qa4 Qa2 43. Ra1 Re1+ 0-1

[Event "Mittelfranken-chTB2a 1011"]
[Site "Germany"]
[Date "2011.01.23"]
[Round "5.1"]
[White "Strobel, Norbert"]
[Black "Witt, Alfred"]
[Result "1-0"]
[WhiteElo "1924"]
[BlackElo "1871"]
[PlyCount "45"]
[EventDate "2010.09.26"]
[EventType "team-tourn"]
[EventRounds "9"]
[EventCountry "GER"]
[SourceTitle "EXT 2012"]
[Source "ChessBase"]
[SourceDate "2011.11.24"]
[SourceVersion "1"]
[SourceVersionDate "2011.11.24"]
[SourceQuality "1"]
[WhiteTeam "Zirndorf II"]
[BlackTeam "Ansbach"]
[WhiteTeamCountry "GER"]
[BlackTeamCountry "GER"]

1. d4 Nf6 2. Nf3 e6 3. e3 Be7 4. Bd3 0-0 5. 0-0 d5 6. Ne5 c5 7. c3 Nbd7 8. Nd2 Qc7 9. f4 b6 10. g4 Bb7 11. Qf3 cxd4 12. exd4 g6 13. Re1 Ne8 14. Qh3 Kg7 15. Ndf3 Nd6 16. f5 Rh8 17. Bf4 exf5 18. gxf5 Nf6 19. Ng5 Nh5 20. Nexf7 Bxg5 21. Bxg5 Nxf7 22. Re7 Qd6 23. Rxb7 1-0

[Event "Mittelfranken-chTB2a 1011"]
[Site "Germany"]
[Date "2010.10.17"]
[Round "2.1"]
[White "Witt, Alfred"]
[Black "Petzold, Vinzenz"]
[Result "0-1"]
[WhiteElo "1871"]
[BlackElo "2008"]
[PlyCount "56"]
[EventDate "2010.09.26"]
[EventType "team-tourn"]
[EventRounds "9"]
[EventCountry "GER"]
[SourceTitle "EXT 2012"]
[Source "ChessBase"]
[SourceDate "2011.11.24"]
[SourceVersion "1"]
[SourceVersionDate "2011.11.24"]
[SourceQuality "1"]
[WhiteTeam "Ansbach"]
[BlackTeam "Erlangen 44/88 II"]
[WhiteTeamCountry "GER"]
[BlackTeamCountry "GER"]

1. e4 c5 2. d4 cxd4 3. c3 dxc3 4. Nxc3 Nc6 5. Nf3 d6 6. Bc4 a6 7. 0-0 Nf6 8. e5 dxe5 9. Qxd8+ Nxd8 10. Nxe5 Be6 11. Bxe6 Nxe6 12. Be3 g6 13. a4 Bg7 14. f4 0-0 15. g4 Nc7 16. Rad1 e6 17. Nd7 Ncd5 18. Nxf6+ Nxf6 19. g5 Nd5 20. Nxd5 exd5 21. Rxd5 Rfe8 22. Kf2 Rac8 23. Rd2 Re4 24. Ra1 Rce8 25. Ra3 Rb4 26. Rad3 Rxa4 27. Kf3 Rae4 28. Rd8 Rxe3+ 0-1

[Event "Mittelfranken-ch HT 57th"]
[Site "Bechhofen"]
[Date "2008.03.19"]
[Round "4.14"]
[White "Witt, Alfred"]
[Black "Werner, Thomas1111"]
[Result "0-1"]
[WhiteElo "1896"]
[BlackElo "1870"]
[PlyCount "122"]
[EventDate "2008.03.18"]
[EventType "swiss"]
[EventRounds "9"]
[EventCountry "GER"]
[SourceTitle "EXT 2011"]
[Source "ChessBase"]
[SourceDate "2010.11.26"]
[SourceVersion "1"]
[SourceVersionDate "2010.11.26"]
[SourceQuality "1"]

1. e4 c6 2. d4 d5 3. e5 c5 4. c3 Nc6 5. Be3 Bf5 6. Bd3 Bxd3 7. Qxd3 e6 8. Nf3 Qb6 9. Bc1 Rc8 10. dxc5 Bxc5 11. 0-0 a5 12. b3 Nge7 13. Ba3 Ng6 14. Bxc5 Qxc5 15. Re1 0-0 16. a4 Nce7 17. Nd4 Nc6 18. Nf3 Rfe8 19. Na3 f6 20. exf6 gxf6 21. Nb5 e5 22. Qf5 Qe7 23. Rad1 Rcd8 24. h3 Qe6 25. Qc2 Qd7 26. Kh2 Rc8 27. Qb1 Kh8 28. Ng1 f5 29. c4 d4 30. Ne2 Rcd8 31. Nec3 Nb4 32. Nd5 Nxd5 33. cxd5 Rg8 34. d6 Nh4 35. Rg1 f4 36. Qe4 Rg5 37. g3 Qc6 38. Qxc6 bxc6 39. Nxd4 exd4 40. gxh4 Rxg1 41. Kxg1 Rxd6 42. Rd3 Kg7 43. Kg2 Kf6 44. Kf3 Kf5 45. Ke2 Ke4 46. f3+ Kd5 47. Rd1 Re6+ 48. Kf2 Re3 49. Rg1 Rxb3 50. Rg5+ Kc4 51. Rf5 Rb2+ 52. Ke1 c5 53. Rxf4 Kd3 54. Rf5 c4 55. Rc5 c3 56. f4 c2 57. f5 Rb1+ 58. Kf2 c1Q 59. Rxc1 Rxc1 60. Kf3 Rf1+ 61. Kg4 Ke4 0-1

[Event "Mittelfranken-ch HT 57th"]
[Site "Bechhofen"]
[Date "2008.03.18"]
[Round "1.1"]
[White "Liepold, Stefan"]
[Black "Witt, Alfred"]
[Result "1-0"]
[WhiteElo "2277"]
[BlackElo "1896"]
[PlyCount "162"]
[EventDate "2008.03.18"]
[EventType "swiss"]
[EventRounds "9"]
[EventCountry "GER"]
[SourceTitle "EXT 2011"]
[Source "ChessBase"]
[SourceDate "2010.11.26"]
[SourceVersion "1"]
[SourceVersionDate "2010.11.26"]
[SourceQuality "1"]

1. e4 e5 2. Nf3 Nc6 3. Bb5 a6 4. Ba4 Nf6 5. 0-0 Be7 6. Re1 b5 7. Bb3 0-0 8. h3 d6 9. c3 d5 10. exd5 Nxd5 11. Nxe5 Nxe5 12. Rxe5 Nf6 13. d4 Bd6 14. Re1 Ng4 15. hxg4 Qh4 16. Re5 Bxe5 17. dxe5 Bxg4 18. f3 Rfd8 19. Qe2 Bf5 20. Be3 a5 21. Na3 b4 22. cxb4 Bd3 23. Qe1 Qh5 24. f4 axb4 25. Qxb4 Ra6 26. Qe7 Rda8 27. Rd1 Qe2 28. Bf2 Rg6 29. Rxd3 Qxd3 30. Bxf7+ Kh8 31. Bxg6 Qd1+ 32. Kh2 hxg6 33. Qh4+ Kg8 34. Qh3 Qd2 35. Qb3+ Kh8 36. Be3 Qe1 37. Bd4 Rd8 38. Nc2 Qe4 39. Qh3+ Kg8 40. Qb3+ Kh7 41. Kg3 c5 42. Qb6 Rf8 43. Be3 Qxc2 44. Qxc5 Qf5 45. a4 Rd8 46. a5 Qe4 47. a6 Rd3 48. Kf2 Rb3 49. Bc1 Qa8 50. Qe7 Rb6 51. a7 Rb7 52. Qa3 Rxa7 53. Qh3+ Kg8 54. Qe6+ Rf7 55. Qxg6 Qe8 56. Qe4 Qb5 57. Qa8+ Rf8 58. Qa2+ Kh8 59. Qa3 Kg8 60. Qa2+ Kh8 61. Qa3 Rb8 62. Qh3+ Kg8 63. Qe6+ Kf8 64. b3 Qb6+ 65. Qxb6 Rxb6 66. b4 Kf7 67. Bd2 Ke6 68. Ke3 Kd5 69. g4 Ra6 70. Kd3 Ra1 71. f5 Rg1 72. f6 Rg3+ 73. Ke2 gxf6 74. exf6 Ke6 75. g5 Rg2+ 76. Kd3 Kd5 77. f7 Rf2 78. g6 Ke6 79. Bh6 Ke7 80. f8Q+ Rxf8 81. Bxf8+ Kxf8 1-0

[Event "Mittelfrankenliga-B2b 0506"]
[Site "Germany"]
[Date "2006.04.30"]
[Round "9.1"]
[White "Greul, Hans"]
[Black "Witt, Alfred"]
[Result "1-0"]
[WhiteElo "2060"]
[BlackElo "1900"]
[PlyCount "149"]
[EventDate "2005.10.16"]
[EventType "team"]
[EventRounds "9"]
[EventCountry "GER"]
[SourceTitle "EXT 2007"]
[Source "ChessBase"]
[SourceDate "2006.11.23"]
[SourceVersion "1"]
[SourceVersionDate "2006.11.23"]
[SourceQuality "1"]

1. a3 Nf6 2. Nf3 d5 3. d4 g6 4. e3 Bg7 5. c4 c6 6. Nc3 0-0 7. cxd5 cxd5 8. Be2 Nc6 9. 0-0 a5 10. Bd2 Bf5 11. Qb3 Rb8 12. Rac1 Bg4 13. Na4 Ne4 14. Rfd1 e5 15. dxe5 Nxe5 16. Nd4 Bxe2 17. Nxe2 Qh4 18. Be1 Ng4 19. h3 Ngxf2 20. Nac3 Nxc3 21. Nxc3 Nxh3+ 22. gxh3 Qxh3 23. Nxd5 Rbe8 24. Rc2 Re5 25. Rg2 Rh5 26. Bg3 Qh1+ 27. Kf2 Rf5+ 28. Nf4 Qh5 29. Rh2 Rb5 30. Rxh5 Rxb3 31. Rxa5 Rxb2+ 32. Kf3 Bc3 33. Ra7 Bd2 34. Nd5 f6 35. Nb4 Re8 36. Bf2 Re7 37. Nd5 Rf7 38. Ra8+ Kg7 39. Rd8 Ba5 40. Rd6 h5 41. Nf4 Bc3 42. R1d3 Be5 43. Ne6+ Kh6 44. Rd8 g5 45. Rd2 g4+ 46. Kg2 Rb6 47. Nf4 f5 48. Bh4 Rb3 49. R8d3 Rb1 50. Rd5 Bxf4 51. exf4 Rc1 52. Rd6+ Kh7 53. Bg5 Rc6 54. Rxc6 bxc6 55. Rc2 Rc7 56. Kg3 Kg6 57. Rc5 Rc8 58. a4 Kg7 59. a5 Rb8 60. Rc3 c5 61. Be7 Kg6 62. Bxc5 h4+ 63. Kg2 Rb2+ 64. Kh1 Rb1+ 65. Bg1 Ra1 66. Rc6+ Kh5 67. a6 g3 68. Kg2 Kg4 69. Rg6+ Kxf4 70. a7 Ra2+ 71. Kh3 Ra1 72. Rg8 Rxg1 73. a8Q g2 74. Qa4+ Kf3 75. Qb3+ 1-0

[Event "Mittelfranken-ch HT 55th"]
[Site "Postbauer"]
[Date "2006.04.14"]
[Round "7.14"]
[White "Suess, Helmut"]
[Black "Witt, Alfred"]
[Result "0-1"]
[WhiteElo "1834"]
[BlackElo "1900"]
[PlyCount "170"]
[EventDate "2006.04.11"]
[EventType "swiss"]
[EventRounds "9"]
[EventCountry "GER"]
[SourceTitle "EXT 2011"]
[Source "ChessBase"]
[SourceDate "2010.11.26"]
[SourceVersion "1"]
[SourceVersionDate "2010.11.26"]
[SourceQuality "1"]

1. d4 Nf6 2. Nf3 d5 3. c4 c6 4. cxd5 cxd5 5. Nc3 Nc6 6. Bf4 Bf5 7. e3 e6 8. Bd3 Bxd3 9. Qxd3 Be7 10. 0-0 Nh5 11. Be5 f6 12. Bg3 0-0 13. Bh4 g5 14. Bg3 g4 15. Nd2 Nxg3 16. hxg3 f5 17. Kh2 Rf6 18. Rh1 Rh6+ 19. Kg1 Rxh1+ 20. Kxh1 Qe8 21. Kg1 a6 22. Nxd5 exd5 23. Qxf5 Qf7 24. Qxg4+ Kh8 25. Rc1 Rf8 26. Nf3 Bf6 27. Qf4 Bd8 28. Qxf7 Rxf7 29. Kf1 Kg7 30. Ke2 Kf6 31. Rh1 Kg6 32. Rc1 Rf6 33. Nh4+ Kf7 34. Rc5 Ke6 35. Nf3 h6 36. Ne1 Bb6 37. Rc1 Kd6 38. Nd3 Re6 39. Kf3 Ke7 40. Nc5 Rd6 41. Rh1 Kf7 42. Nd3 Rf6+ 43. Ke2 Bc7 44. Rc1 Bd6 45. a3 a5 46. Nc5 Bxc5 47. Rxc5 Ke6 48. g4 Kd6 49. b4 a4 50. f3 Rf8 51. Rc1 Na7 52. Rh1 Rf6 53. Kd3 Nb5 54. e4 dxe4+ 55. fxe4 Rg6 56. Rh5 Nxa3 57. Ra5 Rxg4 58. Rxa4 Rg3+ 59. Ke2 Nc2 60. Ra5 Rxg2+ 61. Kf3 Rg5 62. e5+ Ke6 63. Ra7 Rg7 64. Ke4 Nxb4 65. Ra8 Rg4+ 66. Ke3 Nc2+ 67. Kd3 Nxd4 68. Rb8 b5 69. Rb6+ Kxe5 70. Rxh6 Rg3+ 71. Kd2 Kd5 72. Rh8 Nb3+ 73. Kc2 Kc4 74. Rh4+ Nd4+ 75. Kb2 Rg2+ 76. Kb1 Rf2 77. Rh8 Kc3 78. Rc8+ Kb3 79. Kc1 Rc2+ 80. Rxc2 Nxc2 81. Kb1 b4 82. Kc1 Na3 83. Kd2 Kb2 84. Kd1 Nc4 85. Ke2 Kc2 0-1

[Event "Mittelfranken-ch HT 55th"]
[Site "Postbauer"]
[Date "2006.04.14"]
[Round "8.11"]
[White "Witt, Alfred"]
[Black "Holzer, Johann"]
[Result "1-0"]
[WhiteElo "1900"]
[BlackElo "1765"]
[PlyCount "89"]
[EventDate "2006.04.11"]
[EventType "swiss"]
[EventRounds "9"]
[EventCountry "GER"]
[SourceTitle "EXT 2011"]
[Source "ChessBase"]
[SourceDate "2010.11.26"]
[SourceVersion "1"]
[SourceVersionDate "2010.11.26"]
[SourceQuality "1"]

1. e4 e5 2. Nf3 Nc6 3. Bb5 a6 4. Ba4 Nf6 5. 0-0 b5 6. Bb3 Be7 7. d4 exd4 8. e5 Ne4 9. Bd5 Nc5 10. Nxd4 Bb7 11. Nf5 Bf8 12. Qg4 g6 13. Bg5 Ne7 14. Ne3 c6 15. Bxf7+ Kxf7 16. Nc3 h6 17. Qf3+ Kg8 18. Bf6 Rh7 19. Rad1 Qe8 20. b4 Ne6 21. Qg3 Ng7 22. Ne4 Nef5 23. Qh3 Qe6 24. a3 Nxe3 25. Qxe3 Nf5 26. Qb6 d5 27. exd6 Nxd6 28. Nxd6 Bxd6 29. Bc3 Bc7 30. Qc5 Qe7 31. Qd4 Rd8 32. Qg4 Rd6 33. Rde1 Qd7 34. Qe4 c5 35. Qxb7 Rd5 36. Qxa6 Rd6 37. Qa8+ Kf7 38. Qf3+ Kg8 39. bxc5 Rd5 40. Qe4 Rg5 41. c6 Qd6 42. Qe8+ Qf8 43. Qe6+ Rf7 44. Rd1 Qxa3 45. Rd7 1-0